Histoire des banques en France
Saved in:
| Format: | Book |
|---|---|
| Language: | French |
| Published: |
Paris
Guillaumin
1881
|
| Tags: |
No Tags, Be the first to tag this record!
|
MARC
| LEADER | 00000nam a2200000 4500 | ||
|---|---|---|---|
| 001 | 0303395 | ||
| 005 | 20240807091103.5 | ||
| 041 | 0 | |a fre | |
| 044 | |a FR | ||
| 245 | 1 | 0 | |a Histoire des banques en France |c Alphonse Courtois |
| 264 | 1 | |a Paris |b Guillaumin |c 1881 | |